<?xml version="1.0" encoding="UTF-8"?>
<collection xmlns="http://www.loc.gov/MARC21/slim">
 <record>
  <leader>01018nam a2200181   4500</leader>
  <controlfield tag="001">1/29999</controlfield>
  <controlfield tag="008">060418s2006    gr            001 0 gre d</controlfield>
  <datafield tag="020" ind1=" " ind2=" ">
   <subfield code="a">9604202979</subfield>
  </datafield>
  <datafield tag="035" ind1=" " ind2=" ">
   <subfield code="l">32134</subfield>
  </datafield>
  <datafield tag="040" ind1=" " ind2=" ">
   <subfield code="a">GR-PeUP</subfield>
  </datafield>
  <datafield tag="090" ind1=" " ind2=" ">
   <subfield code="a">341.756'6 ΓΕΩ</subfield>
  </datafield>
  <datafield tag="100" ind1="1" ind2=" ">
   <subfield code="a">Γεωργακόπουλος, Λεωνίδας Ν.</subfield>
  </datafield>
  <datafield tag="245" ind1="1" ind2="0">
   <subfield code="a">Ναυτικό δίκαιο :</subfield>
   <subfield code="b">το εταιρικό, ενοχικό (εμπορικό και ναυτεργατικό) και εμπράγματο δίκαιο των πλοίων, των ναυπηγούμενων, των πλωτών ναυπηγημάτων και των θαλάσσιων κατασκευών στην Ελλάδα /</subfield>
   <subfield code="c">Λεωνίδας Ν. Γεωργακόπουλος</subfield>
  </datafield>
  <datafield tag="260" ind1=" " ind2=" ">
   <subfield code="a">Αθήνα :</subfield>
   <subfield code="b">Σάκκουλας,</subfield>
   <subfield code="c">2006</subfield>
  </datafield>
  <datafield tag="300" ind1=" " ind2=" ">
   <subfield code="a">464 σ. ;</subfield>
   <subfield code="c">24 εκ.</subfield>
  </datafield>
  <datafield tag="650" ind1=" " ind2="4">
   <subfield code="a">Ναυτικό δίκαιο.</subfield>
  </datafield>
  <datafield tag="830" ind1=" " ind2=" ">
   <subfield code="a">Δίκαιο και Οικονομία.</subfield>
  </datafield>
  <datafield tag="852" ind1=" " ind2=" ">
   <subfield code="a">INST</subfield>
   <subfield code="b">UNIPILB</subfield>
   <subfield code="c">MAIN</subfield>
   <subfield code="e">20060418</subfield>
   <subfield code="h">341.756'6 ΓΕΩ</subfield>
   <subfield code="p">00150608</subfield>
   <subfield code="q">00150608</subfield>
   <subfield code="t">LOAN</subfield>
   <subfield code="y">0</subfield>
   <subfield code="4">1</subfield>
  </datafield>
 </record>
</collection>
